LEADER 01045nam a2200241 i 4500 001 000000077150 003 CaOOAMICUS 005 20040203000000.0 008 040203s2000 it u000 u mul u 013 $a48322 020 $a88-209-2936-8 040 $aSeMil$bita 245 10$aDa Afraate il Saggio a Didimo il Cieco /$cIntroduzione, note e versione italiana di Gerardo Di Nola. 300 $a415 p. 500 $aDono di mons. Antonio Rimoldi. 650 4$aEucaristia - Teologia - Sec. 1.-4.$0(OLS)http://semarc/subject/15738 700 1 $aDi Nola, Gerardo <1949- >.$0(OLS)http://semarc/name/1478 773 0 $tBibliotheca Patristica Eucharistica.$dCittą del Vaticano : Libreria Editrice Vaticana $gVolume4$w()8197 773 0 $tDottrina Eucaristica dei secoli 1.-4.$w()8198 850 $aSeMil 852 $aSeMil$W1$xVenegono$y1$m2S II 184$j43302$B43302$CSeMilBibl$Z2$F79336 $81 996 $6020$a88-209-2936-8$9(OLS)http://semarc/number/58621 996 $6245$aDa Afraate il Saggio a Didimo il Cieco$9(OLS)http://semarc/title/125231 LEADER 01323nam a2200253 i 4500 001 000000032650 003 CaOOAMICUS 005 20180830125450.0 008 180830s1831 it u000 u ita u 040 $aSeMil$bita 100 1 $aCarron, Guy Toussaint Julien,$d<1760-1821>.$0(OLS)http://semarc/name/14701 245 12$aI confessori della fede nella chiesa di Francia alla fine del secolo 18. /$copera composta sopra memorie autentiche dall'abate Guido Carron ; tradotta in italiano dall'abate P. Cavedoni. 260 $aMilano :$bTipografia Pogliani,$c1831. 300 $a4 v. ;$c17 cm. 650 4$aChiesa cattolica - Clero - Francia.$0(OLS)http://semarc/subject/2353 650 4$aChiesa - Francia - Sec. 18.$0(OLS)http://semarc/subject/5239 700 1 $aCavedoni, Pietro.$0(OLS)http://semarc/name/15051 773 0 $tBiblioteca cristiana.$dMilano : Tipografia Pogliani, [18-?]$w()29910 774 0 $tTomo 1.$kBiblioteca cristiana$g1$w()245628 774 0 $tTomo 4.$kBiblioteca cristiana$g4$w()245629 774 0 $tTomo 2.$kBiblioteca cristiana$g2$w()245630 774 0 $tTomo 3.$kBiblioteca cristiana$g3$w()245631 996 $6245$aI confessori della fede nella chiesa di Francia alla fine del secolo 18.$9(OLS)http://semarc/title/44214 996 $6260$aMilano :$bTipografia Pogliani$9(OLS)http://semarc/publisher/31457